00309nam a2200121 a 4500008004100000020001500041050001900056100001800075245004300093260002100136350000900157650002100166120416s1995 ||||||||||||||||| || u a0521432243 aQC 173.454 Cha aChaikin, P. M10aPrinciples of condensed matter physics aCambridge:c1995 a0.00 aCONDENSED MATTER